000 00806nam a2200241Ia 4500
003 OSt
005 20220923220958.0
006 a|||||r|||| 00| 0
007 ta
008 220922b |||||||| |||| 00| 0 hin d
024 _a193,184
037 _cTextual
040 _aARTS
_cARTS
_bhin
041 _2hin
_ahin
082 _aV2:21wL80, 152M6
100 _aखुल्लर, के0 के0
_9156847
245 0 _aमहाराजा रणजीत सिंह, अनु हरीश नारंग
246 _ahinārājā raṇajīt sianha, anu0 harīsh nāranga
260 _aदिल्ली
_b किताबघर
_c1986
300 _a218पृ.
_ccm.
942 _hV2:21wL80, 152M6
_cTEXL
_2CC
999 _c345675
_d345675